[Event "Titled Tue 27th May Late"]
[Site "chess.com INT"]
[Date "2025.05.27"]
[Round "7"]
[White "Shubenkova, Veronika"]
[Black "Rees, Ioan"]
[Result "1-0"]
[WhiteTitle "WFM"]
[BlackTitle "FM"]
[WhiteElo "2024"]
[BlackElo "2288"]
[WhiteFideId "44124040"]
[BlackFideId "1801236"]
[EventDate "2025.05.27"]

1. e4 e5 2. Nf3 Nc6 3. Bb5 a6 4. Ba4 Nf6 5. O-O Nxe4 6. Re1 Nc5 7. Bxc6 dxc6 8.
Nxe5 Ne6 9. c3 Bd6 10. d4 O-O 11. Nd2 c5 12. Ndf3 cxd4 13. cxd4 Bb4 14. Bd2 Bxd2
15. Qxd2 Qd5 16. a3 b6 17. Rad1 Bb7 18. Qc2 Rad8 19. h3 Rfe8 20. Ng4 Ng5 21.
Nge5 f6 22. h4 fxe5 23. hxg5 e4 24. Ne5 c5 25. g6 cxd4 26. gxh7+ Kxh7 27. Ng4
Rc8 28. Qd2 Qf5 29. Nh2 Rcd8 30. Qb4 e3 31. f3 Qc5 32. Qb3 Re6 33. Qxe6 Rd6 34.
Qg4 Rg6 35. Qxd4 Qg5 36. Ng4 Bc8 37. Qxe3 Qh4 38. Rd4 Qg3 39. Qf2 Qc7 40. Qh4+
Kg8 41. Rd8+ Kf7 42. Ne5+ 1-0

[Event "Titled Tue 27th May Late"]
[Site "chess.com INT"]
[Date "2025.05.27"]
[Round "7"]
[White "Dilmukhametov, Artur"]
[Black "Tarnowska, Aleksandra"]
[Result "1-0"]
[WhiteTitle "FM"]
[BlackTitle "WCM"]
[WhiteElo "2276"]
[BlackElo "1882"]
[WhiteFideId "24179922"]
[BlackFideId "1180967"]
[EventDate "2025.05.27"]

1. Nf3 d5 2. g3 e6 3. Bg2 Nf6 4. d4 Be7 5. c4 b6 6. Nc3 Bb7 7. O-O Nbd7 8. cxd5
exd5 9. Bf4 c6 10. Ne5 O-O 11. Nxd7 Qxd7 12. a3 Rac8 13. b4 Rfe8 14. Rc1 Bd6 15.
Bxd6 Qxd6 16. e3 Ba6 17. Re1 h6 18. Qa4 Bc4 19. Qxa7 Qd8 20. Qa4 b5 21. Qc2 Ra8
22. Qb2 Ra6 23. Ra1 Qe7 24. a4 bxa4 25. Rxa4 Rxa4 26. Nxa4 Rb8 27. Nc5 Nd7 28.
Nxd7 Qxd7 29. Rb1 Rb5 30. Qc3 Qa7 31. Bf1 Qa2 32. Rc1 Bxf1 33. Kxf1 Qa4 34. Qxc6
Qxb4 35. Qe8+ Kh7 36. Qxf7 Rb7 37. Qf5+ g6 38. Qxd5 Qb2 39. Re1 h5 40. Kg1 1-0

[Event "Titled Tue 27th May Late"]
[Site "chess.com INT"]
[Date "2025.05.27"]
[Round "7"]
[White "Hartge, Gedeon"]
[Black "Bratovic, Blaz"]
[Result "1-0"]
[WhiteTitle "FM"]
[BlackTitle "IM"]
[WhiteElo "2328"]
[BlackElo "2319"]
[WhiteFideId "12932116"]
[BlackFideId "14603551"]
[EventDate "2025.05.27"]

1. e4 c5 2. Nc3 Nc6 3. Bb5 Nd4 4. Nf3 Nf6 5. e5 Nxf3+ 6. Qxf3 Ng8 7. O-O a6 8.
Bc4 e6 9. a4 Qc7 10. Re1 Nh6 11. g4 Qc6 12. Ne4 b6 13. d3 Bb7 14. h3 O-O-O 15.
Bg5 f5 16. exf6 d5 17. fxg7 Bxg7 18. Bxd8 Rxd8 19. Ng5 Rf8 20. Qe2 dxc4 21.
Qxe6+ Qxe6 22. Nxe6 Rg8 23. Nxg7 Rxg7 24. Kh2 cxd3 25. cxd3 Nf5 26. Re6 Nd4 27.
Rxb6 h5 28. Kg3 hxg4 29. hxg4 Bf3 30. Kf4 Rxg4+ 31. Ke5 Bb7 32. Kd6 Rg6+ 33.
Kxc5 Rg4 34. Re1 Kc7 35. Re7+ Kd8 36. Rexb7 Rg5+ 37. Kxd4 Rg4+ 38. Kc3 Rg5 39.
Rh6 Kc8 40. Rf7 Kb8 41. Rh8+ 1-0

[Event "Titled Tue 27th May Late"]
[Site "chess.com INT"]
[Date "2025.05.27"]
[Round "7"]
[White "Pavlidou, Ekaterini"]
[Black "Bagchi, Sounak"]
[Result "0-1"]
[WhiteTitle "WIM"]
[WhiteElo "2198"]
[BlackElo "2030"]
[WhiteFideId "4213262"]
[BlackFideId "30970059"]
[EventDate "2025.05.27"]

1. d4 c5 2. d5 Nf6 3. c4 e6 4. Nc3 exd5 5. cxd5 d6 6. h3 g6 7. Bg5 Bg7 8. Nf3
O-O 9. Nd2 h6 10. Bh4 g5 11. Bg3 Na6 12. a3 Nc7 13. e4 Re8 14. Be2 b5 15. Qc2 b4
16. Nd1 b3 17. Qb1 Nxe4 18. Nxe4 Bf5 19. f3 Bd4 20. Bf2 Nxd5 21. Bxd4 cxd4 22.
O-O Nf4 23. Bb5 Re5 24. Bd3 Nxd3 25. Qxd3 Qb6 26. f4 Rxe4 27. fxg5 Rf4 28. Qxf5
Rxf5 29. Rxf5 d3+ 30. Nf2 hxg5 31. Rd1 Re8 32. Rxd3 Re1+ 33. Kh2 Re2 34. Rdf3
Rxb2 35. Ng4 Re2 36. Rxf7 Re6 37. Rf8+ Kg7 38. R3f7+ Kg6 39. Rf1 d5 40. Rg8+ Kh7
41. Rxg5 Qb8+ 42. Kh1 b2 43. Rh5+ Kg7 44. Rg5+ Rg6 45. Rgf5 b1=Q 46. Rf7+ Kg8
47. Rxb1 Qxb1+ 48. Kh2 Kxf7 49. Ne5+ Kf6 50. Nxg6 Kxg6 51. Kg3 Qc2 52. Kh2 d4
53. h4 d3 0-1

[Event "Titled Tue 27th May Late"]
[Site "chess.com INT"]
[Date "2025.05.27"]
[Round "7"]
[White "Kukhmazov, Arsen"]
[Black "Arabidze, Meri"]
[Result "1-0"]
[WhiteTitle "IM"]
[BlackTitle "IM"]
[WhiteElo "2467"]
[BlackElo "2440"]
[WhiteFideId "24108260"]
[BlackFideId "13604040"]
[EventDate "2025.05.27"]

1. d4 Nf6 2. c4 e6 3. Nf3 Bb4+ 4. Nbd2 O-O 5. a3 Be7 6. e4 d6 7. Bd3 e5 8. d5 a5
9. b3 Nbd7 10. O-O g6 11. Bb2 Nh5 12. Re1 Bf6 13. b4 Bg7 14. Qc2 Nf4 15. Bf1 f5
16. g3 Nh5 17. exf5 gxf5 18. c5 Ndf6 19. Rad1 axb4 20. axb4 f4 21. Ng5 Qe7 22.
Bc4 Kh8 23. cxd6 cxd6 24. Bb3 Bg4 25. Rc1 h6 26. Ne6 Bxe6 27. dxe6 fxg3 28. hxg3
Ng4 29. Ne4 Nhf6 30. f3 Nxe4 31. Qxe4 Nf6 32. Qh4 Ng8 33. Qxe7 Nxe7 34. Rc7 Rxf3
35. Bd1 Rxg3+ 36. Kh2 Nf5 37. e7 Bf6 38. Rf1 Bxe7 39. Rxf5 Rg7 40. Rxb7 Ra2 41.
Rf2 Bh4 42. Rf8+ Kh7 43. Bc2+ 1-0

[Event "Titled Tue 27th May Late"]
[Site "chess.com INT"]
[Date "2025.05.27"]
[Round "7"]
[White "Barria, Jose"]
[Black "Steinberg, Nitzan"]
[Result "1-0"]
[WhiteTitle "FM"]
[BlackTitle "GM"]
[WhiteElo "2379"]
[BlackElo "2554"]
[WhiteFideId "1939300"]
[BlackFideId "2801795"]
[EventDate "2025.05.27"]

1. d4 d5 2. c4 e6 3. Nf3 Nf6 4. Nc3 a6 5. c5 b6 6. cxb6 cxb6 7. Bf4 Bb7 8. e3
Nbd7 9. Bd3 Be7 10. O-O O-O 11. Rc1 b5 12. a4 b4 13. Ne2 Rc8 14. Rxc8 Qxc8 15.
Qc2 Qxc2 16. Bxc2 Rc8 17. Rc1 Ne4 18. Bd3 f6 19. Rxc8+ Bxc8 20. Bc7 Kf7 21. Ng3
Nd6 22. Kf1 Ne8 23. Ba5 g6 24. e4 dxe4 25. Nxe4 Nb8 26. Bb6 Nd7 27. Ba5 f5 28.
Neg5+ Kg7 29. Nxe6+ Kf6 30. Nf4 Bb7 31. Ke2 Bd6 32. g3 Nc7 33. h4 Bxf4 34. gxf4
Nd5 35. Ne5 Nxf4+ 36. Kd2 Nxe5 37. dxe5+ Ke6 38. Bc4+ Bd5 39. Bxa6 b3 40. Bb5 h5
41. Kc3 Ng2 42. Bd8 Ne1 43. Bc4 Nf3 44. Bf6 1-0

[Event "Titled Tue 27th May Late"]
[Site "chess.com INT"]
[Date "2025.05.27"]
[Round "7"]
[White "Rasulov, Vugar"]
[Black "Ghoreishi Amiri, Seyed Kian"]
[Result "0-1"]
[WhiteTitle "GM"]
[BlackTitle "CM"]
[WhiteElo "2485"]
[BlackElo "2215"]
[WhiteFideId "13402390"]
[BlackFideId "36757527"]
[EventDate "2025.05.27"]

1. e4 e6 2. Qe2 c5 3. Nf3 Nc6 4. g3 g6 5. h4 Bg7 6. h5 d6 7. d3 Bd7 8. c3 Rc8 9.
Na3 a6 10. Nc4 Qc7 11. Bf4 e5 12. Bd2 b5 13. Ne3 Nge7 14. a4 b4 15. Bg2 Rb8 16.
Nc4 Be6 17. Ng5 Bxc4 18. dxc4 h6 19. Nf3 g5 20. Bh3 bxc3 21. bxc3 Bf6 22. Nh2
O-O 23. Ng4 Bg7 24. O-O Rb2 25. Qd3 Na5 26. Rad1 Qc6 27. Bc1 Rb3 28. Qxd6 Qxd6
29. Rxd6 Nxc4 30. Rxa6 Rxc3 31. Nxh6+ Bxh6 32. Rxh6 f6 33. Bf5 Nd6 34. Bxg5
Ndxf5 35. Rxf6 Nd4 36. Kg2 Rxf6 37. Bxf6 Nec6 38. g4 Ne6 39. Rb1 Nf4+ 40. Kg1 c4
41. h6 Rh3 42. g5 Nd4 43. Rb8+ Kh7 44. f3 Nxf3+ 45. Kf2 Nd3+ 46. Kg2 Nf4+ 47.
Kf2 c3 48. Rb7+ Kg6 49. Rg7+ Kh5 50. h7 Kg4 51. Rc7 Rh2+ 52. Kf1 Kg3 53. h8=Q
Rf2# 0-1

[Event "Titled Tue 27th May Late"]
[Site "chess.com INT"]
[Date "2025.05.27"]
[Round "7"]
[White "Mgeladze, Tamaz"]
[Black "Pribelszky, Bence"]
[Result "0-1"]
[WhiteTitle "IM"]
[BlackTitle "IM"]
[WhiteElo "2388"]
[BlackElo "2400"]
[WhiteFideId "13601202"]
[BlackFideId "769738"]
[EventDate "2025.05.27"]

1. c4 e5 2. g3 Nf6 3. Bg2 Bc5 4. Nc3 c6 5. Nf3 e4 6. Ng5 Bxf2+ 7. Kxf2 Ng4+ 8.
Kg1 Qxg5 9. Nxe4 Qg6 10. c5 O-O 11. h3 Nf6 12. Nxf6+ Qxf6 13. Kh2 d6 14. Rf1 Qd4
15. cxd6 Nd7 16. a4 Nf6 17. Ra3 Qxd6 18. Raf3 Be6 19. d4 Bd5 20. Rxf6 gxf6 21.
e4 Bc4 22. Bh6 Kh8 23. Rf4 Rg8 24. Qh5 Rg6 25. e5 fxe5 26. dxe5 Rxh6 27. exd6
Rxh5 28. Rxc4 Rd8 29. Rd4 Re5 30. h4 Kg7 31. b4 f5 32. Bh3 Kf6 33. g4 Re4 34.
Rxe4 fxe4 35. d7 Ke5 36. g5 e3 37. Kg3 Rf8 38. Bg4 Kd6 39. h5 e2 40. Bxe2 Kxd7
41. Bd3 Rf7 42. Kg4 Ke7 43. g6 hxg6 44. hxg6 Rf2 45. Kg5 Kf8 46. Bf5 Kg7 47. b5
c5 48. Be4 c4 49. Bxb7 c3 50. Be4 c2 51. Bxc2 Rxc2 0-1

[Event "Titled Tue 27th May Late"]
[Site "chess.com INT"]
[Date "2025.05.27"]
[Round "7"]
[White "Fomevor, Cephas Clinton"]
[Black "Weidenhoefer, Max"]
[Result "0-1"]
[WhiteTitle "CM"]
[BlackTitle "CM"]
[WhiteElo "1883"]
[BlackElo "2171"]
[WhiteFideId "12601330"]
[BlackFideId "16230566"]
[EventDate "2025.05.27"]

1. d4 d5 2. c4 e5 3. dxe5 d4 4. Nf3 Nc6 5. Nbd2 Be6 6. Nb3 Qd7 7. a3 O-O-O 8.
Qc2 g6 9. Bg5 Be7 10. Bf4 f6 11. exf6 Nxf6 12. g3 Bf5 13. Qc1 h5 14. h4 d3 15.
exd3 Bxd3 16. Bxd3 Qxd3 17. Qc3 Qxc3+ 18. bxc3 Rd3 19. Ne5 Nxe5 20. Bxe5 Rd7 21.
O-O Rf8 22. Rfd1 Ne4 23. Rxd7 Kxd7 24. Bd4 b6 25. Re1 Nd6 26. c5 Nf5 27. cxb6
axb6 28. Nd2 Bxa3 29. Ne4 Be7 30. Be5 Ra8 31. Bf4 Ra2 32. Rd1+ Kc6 33. Ng5 Bc5
34. Be3 Bxe3 35. fxe3 Nxe3 36. Rc1 Rg2+ 37. Kh1 Rxg3 38. Ne4 Rf3 39. Kg1 Nf5 40.
Ng5 Rd3 41. Rf1 Nxh4 42. Rf2 Rxc3 43. Kh2 Rc5 44. Nf7 Nf5 45. Ne5+ Rxe5 46. Rg2
Re6 47. Rg5 Ne3 48. Rg3 Nf1+ 0-1

[Event "Titled Tue 27th May Late"]
[Site "chess.com INT"]
[Date "2025.05.27"]
[Round "7"]
[White "Tekeyev, Zaur"]
[Black "Przybylski, Wojciech"]
[Result "1-0"]
[WhiteTitle "IM"]
[BlackTitle "FM"]
[WhiteElo "2417"]
[BlackElo "2340"]
[WhiteFideId "4199731"]
[BlackFideId "1117599"]
[EventDate "2025.05.27"]

1. e4 e5 2. Nf3 Nf6 3. Nxe5 d6 4. Nf3 Nxe4 5. d4 d5 6. Bd3 Nc6 7. O-O Be7 8. Nc3
Nf6 9. h3 O-O 10. Ne2 h6 11. Ng3 Be6 12. c3 Re8 13. Bc2 Bf8 14. Bf4 Ne7 15. Ne5
Nc8 16. Qd3 Nd6 17. Rae1 Nde4 18. f3 Nxg3 19. Bxg3 c5 20. Ba4 c4 21. Qd2 Nd7 22.
Re2 a6 23. Rfe1 b5 24. Bc2 Nxe5 25. Rxe5 Bd6 26. Bf2 Bxe5 27. dxe5 a5 28. Bd4 b4
29. f4 g6 30. g4 Qh4 31. Kg2 h5 32. f5 Bd7 33. Bf2 Qe7 34. e6 Bc6 35. Bd4 hxg4
36. hxg4 Qh4 37. Qf4 g5 38. Qf3 fxe6 39. Rh1 e5 40. Rxh4 gxh4 41. f6 Kf7 42. Qf5
exd4 43. Qg6+ Ke6 44. f7+ Kd7 45. Bf5+ 1-0

[Event "Titled Tue 27th May Late"]
[Site "chess.com INT"]
[Date "2025.05.27"]
[Round "7"]
[White "Gutkin, Ilya"]
[Black "Hoeffer, David"]
[Result "0-1"]
[WhiteTitle "FM"]
[BlackTitle "FM"]
[WhiteElo "2320"]
[BlackElo "2295"]
[WhiteFideId "16203470"]
[BlackFideId "24606766"]
[EventDate "2025.05.27"]

1. Nf3 Nc6 2. e4 f5 3. exf5 d5 4. Nh4 Nh6 5. Qh5+ Nf7 6. Bb5 g6 7. fxg6 hxg6 8.
Qxg6 Rxh4 9. Bxc6+ bxc6 10. Qxc6+ Bd7 11. Qxd5 c6 12. Qf3 Ng5 13. Qd3 Re4+ 14.
Kf1 Qb6 15. Nc3 Rf4 16. Qe3 Qa6+ 17. d3 Rf5 18. h4 Nf7 19. g4 Re5 20. Qg3 O-O-O
21. Bf4 Re6 22. g5 Nd6 23. h5 Nf5 24. Qf3 Bg7 25. h6 Bxc3 26. bxc3 Qa5 27. Rb1
Nd6 28. c4 Qxa2 29. Kg2 Qxc2 30. c5 Nb5 31. Rhc1 Qe2 32. Rxb5 Qxf3+ 33. Kxf3
cxb5 34. d4 Bc6+ 35. Kg4 Rxd4 36. h7 Rd8 37. Rh1 Rh8 38. Kh5 Be8+ 39. Kg4 Bg6
40. Rh6 Rxh7 41. Rxg6 Rxg6 42. Kf5 Rhg7 43. Be3 a5 44. f4 a4 45. Bd2 Rg8 46. Bc3
Kb7 47. Ke5 Kc6 48. f5 Rxg5 49. Ke6 Rxf5 50. Kxe7 Rg3 0-1

[Event "Titled Tue 27th May Late"]
[Site "chess.com INT"]
[Date "2025.05.27"]
[Round "7"]
[White "Iskusnyh, Sergei"]
[Black "Tahbaz, Arash"]
[Result "0-1"]
[WhiteTitle "GM"]
[BlackTitle "IM"]
[WhiteElo "2440"]
[BlackElo "2462"]
[WhiteFideId "4120027"]
[BlackFideId "12528846"]
[EventDate "2025.05.27"]

1. d4 Nf6 2. c4 d6 3. Nf3 Nbd7 4. g3 e5 5. Nc3 g6 6. Bg2 Bg7 7. O-O O-O 8. e4
Re8 9. h3 b6 10. Qc2 exd4 11. Nxd4 Bb7 12. Rd1 a6 13. Be3 c5 14. Nde2 Ne5 15. b3
Qb8 16. Rd2 b5 17. Rad1 bxc4 18. Rxd6 Nd3 19. Rb6 Nd7 20. Rxb7 Qxb7 21. bxc4 Nb4
22. Qc1 Ne5 23. Nd5 Rac8 24. f4 Ned3 25. Qa3 Nb2 26. Rd2 Nxc4 27. Qc1 Nxd5 28.
Rxd5 Nxe3 29. Qxe3 Qxd5 30. Kh2 Qxa2 31. e5 Qe6 32. Nc3 Bxe5 33. fxe5 Qxe5 34.
Qf3 c4 35. Ne4 c3 36. Nf6+ Kg7 37. Ng4 Qd4 38. Qf1 c2 39. Qc1 Qc3 40. Bd5 Kf8 0-1

[Event "Titled Tue 27th May Late"]
[Site "chess.com INT"]
[Date "2025.05.27"]
[Round "7"]
[White "Saidov, Bilukhadzh"]
[Black "Caruana, Fabiano"]
[Result "0-1"]
[WhiteTitle "FM"]
[BlackTitle "GM"]
[WhiteElo "2309"]
[BlackElo "2776"]
[WhiteFideId "34165476"]
[BlackFideId "2020009"]
[EventDate "2025.05.27"]

1. d4 Nf6 2. Nf3 e6 3. Bf4 h6 4. e3 Nh5 5. Bg3 Be7 6. Bd3 d6 7. Qe2 b6 8. Be4 c6
9. Nbd2 Bb7 10. O-O-O Nd7 11. Kb1 Nxg3 12. hxg3 Qc7 13. Bd3 d5 14. e4 a6 15. g4
Rg8 16. c3 b5 17. exd5 cxd5 18. Ne5 Nxe5 19. dxe5 Qb6 20. f4 O-O-O 21. Nf3 b4
22. c4 dxc4 23. Bxc4 Kb8 24. f5 a5 25. Rc1 a4 26. fxe6 fxe6 27. b3 a3 28. Rc2
Rd7 29. Bb5 Rc7 30. Rxc7 Qxc7 31. Rc1 Qb6 32. Bd3 Rd8 33. Be4 Ba6 34. Qc2 Rc8
35. Qd2 Rxc1+ 36. Qxc1 Bc5 37. Qd2 Kc7 38. g5 Qb5 39. gxh6 gxh6 40. Qxh6 Qf1+
41. Qc1 Qf2 42. g4 Kb6 43. Ng5 Qd4 44. Nxe6 Qxe4+ 45. Qc2 Bd3 0-1

[Event "Titled Tue 27th May Late"]
[Site "chess.com INT"]
[Date "2025.05.27"]
[Round "7"]
[White "Navoyan, Gagik"]
[Black "Aliyev, Elnur"]
[Result "0-1"]
[WhiteTitle "CM"]
[BlackTitle "CM"]
[WhiteElo "2186"]
[BlackElo "2155"]
[WhiteFideId "13314866"]
[BlackFideId "13402617"]
[EventDate "2025.05.27"]

1. e4 e6 2. d4 d5 3. Nd2 h6 4. Ngf3 c5 5. exd5 exd5 6. Bb5+ Nc6 7. O-O Bd6 8.
Re1+ Ne7 9. dxc5 Bxc5 10. Nb3 Bb6 11. Be3 O-O 12. c3 Bg4 13. h3 Bh5 14. Bd3 Bc7
15. Nbd4 Nxd4 16. Bxd4 Nc6 17. Be3 Qd6 18. g4 Bg6 19. Qc2 Rae8 20. Rad1 Ne5 21.
Nxe5 Rxe5 22. Kg2 Rxe3 23. Rxe3 Qh2+ 24. Kf1 Bb6 25. Rg3 Re8 26. Bxg6 Qh1+ 27.
Rg1 Qxh3+ 28. Rg2 Qh1+ 29. Rg1 Qh3+ 30. Rg2 fxg6 31. Qd3 Qh1+ 32. Rg1 Qh4 33.
Qg3 Qf6 34. Re1 Rxe1+ 35. Kxe1 Qe6+ 36. Kf1 Kh7 37. Kg2 Qe4+ 38. Qf3 Qc2 39.
Qxd5 Qxf2+ 40. Kh3 Qxg1 41. g5 Qxg5 42. Qxg5 hxg5 43. Kg4 Kh6 44. b4 a5 45. a3
axb4 46. cxb4 Bd4 47. a4 Bc3 48. b5 Ba5 0-1

[Event "Titled Tue 27th May Late"]
[Site "chess.com INT"]
[Date "2025.05.27"]
[Round "7"]
[White "Dudzinski, Pawel"]
[Black "Ragger, Markus"]
[Result "0-1"]
[WhiteTitle "FM"]
[BlackTitle "GM"]
[WhiteElo "2191"]
[BlackElo "2566"]
[WhiteFideId "1117890"]
[BlackFideId "1610856"]
[EventDate "2025.05.27"]

1. e4 e5 2. Nc3 Nf6 3. g3 Bc5 4. Bg2 d6 5. Na4 Bd4 6. c3 Bxf2+ 7. Kxf2 b5 8. h3
bxa4 9. Qxa4+ Bd7 10. Qc2 O-O 11. Ne2 Bc6 12. d4 exd4 13. Nxd4 Bb7 14. Re1 Nbd7
15. Kg1 Re8 16. Bf4 Nc5 17. e5 Bxg2 18. Kxg2 dxe5 19. Rxe5 Rxe5 20. Bxe5 Qd5+
21. Nf3 Nfe4 22. Rd1 Qc6 23. b4 Ng5 24. Qf5 Nce6 25. h4 Qc4 26. Qd3 Qxd3 27.
Rxd3 Nxf3 28. Kxf3 f6 29. Bf4 a5 30. b5 a4 31. Rd7 Rc8 32. c4 Kf8 33. Be3 Ke8
34. Rd3 c6 35. b6 c5 36. Ra3 Rb8 37. Rxa4 Rxb6 38. Ra5 Rb4 39. Bxc5 Rxc4 40. Be3
Rc3 41. Ra8+ Kf7 42. Ra7+ Kg6 43. Kf2 h5 44. a4 Ra3 45. a5 Kf5 46. Bb6 g5 47.
hxg5 Nxg5 48. Rc7 Ne4+ 49. Ke2 Nxg3+ 50. Kf2 h4 0-1

[Event "Titled Tue 27th May Late"]
[Site "chess.com INT"]
[Date "2025.05.27"]
[Round "7"]
[White "Chelly, Yahya"]
[Black "Distaso, Antonio Pio"]
[Result "0-1"]
[WhiteTitle "CM"]
[WhiteElo "2039"]
[BlackElo "2253"]
[WhiteFideId "5516200"]
[BlackFideId "805548"]
[EventDate "2025.05.27"]

1. d4 d5 2. c4 c6 3. Nc3 Nf6 4. Nf3 dxc4 5. a4 Bf5 6. e3 e6 7. Bxc4 Bb4 8. O-O
O-O 9. Qe2 Nbd7 10. Bd3 Qe7 11. Rd1 Bxd3 12. Qxd3 e5 13. Ne4 exd4 14. Nxf6+ Nxf6
15. Nxd4 Rad8 16. Qb3 c5 17. Nf3 Ne4 18. g3 Qf6 19. Kg2 g5 20. h3 h5 21. Rxd8
Rxd8 22. Qc2 Re8 23. Rb1 g4 24. hxg4 hxg4 25. Ng1 Bd2 26. f3 Bxc1 27. Rxc1 gxf3+
28. Nxf3 Ng5 29. Rf1 Rxe3 30. Nxg5 Qxg5 31. Qf2 Qe7 32. Qf4 Re2+ 33. Kg1 Qe3+
34. Kh1 Qxf4 35. Rxf4 Rxb2 36. Rc4 b6 37. Re4 Rb4 38. Re7 Rxa4 39. Rb7 c4 40.
Kg2 c3 41. Rc7 Ra3 42. Kf3 b5 43. Ke2 b4 44. Kd3 a5 45. Kc2 Kg7 46. Rc5 Ra2+ 47.
Kd3 Rd2+ 48. Ke3 a4 49. Rc4 Rb2 50. Kd3 a3 51. Rc5 a2 52. Ra5 Rd2+ 53. Kc4 c2 0-1

[Event "Titled Tue 27th May Late"]
[Site "chess.com INT"]
[Date "2025.05.27"]
[Round "7"]
[White "Karas, Marek"]
[Black "Kushko, Dmitriy"]
[Result "0-1"]
[WhiteTitle "FM"]
[BlackTitle "IM"]
[WhiteElo "2200"]
[BlackElo "2454"]
[WhiteFideId "14928558"]
[BlackFideId "14162261"]
[EventDate "2025.05.27"]

1. e4 d6 2. d4 Nf6 3. Nc3 g6 4. Nf3 Bg7 5. h3 c6 6. a4 O-O 7. Be2 Qc7 8. O-O e5
9. dxe5 dxe5 10. Be3 Nh5 11. Re1 Nf4 12. Bf1 Ne6 13. Ne2 Na6 14. c3 Nac5 15. Qc2
a5 16. b4 Nd7 17. Qb3 Nf4 18. Nxf4 exf4 19. Bd4 Ne5 20. Nxe5 Bxe5 21. b5 f3 22.
gxf3 Be6 23. Qb2 Rad8 24. Rad1 c5 25. Be3 b6 26. Qc1 Rxd1 27. Rxd1 Bb3 28. Re1
Rd8 29. f4 Bg7 30. e5 Bxa4 31. Qb2 c4 32. Bg2 Bb3 33. Bc6 a4 34. Qa3 Bf8 35. Qa1
a3 36. Bc1 a2 37. Bb2 Rd2 38. Qc1 Qd8 39. Ba1 Bc5 40. Rf1 Rc2 41. Qe1 Qh4 42.
Kg2 Qxf4 43. Qe4 Qg5+ 44. Qg4 Qxe5 45. Qf3 Kg7 46. Bd5 Qg5+ 47. Kh1 Qf6 48. Qg2
Rxf2 49. Rxf2 Qxf2 50. Qxf2 Bxf2 51. Kg2 Bc5 52. Kf3 f5 53. Bc6 Kf6 54. Bd5 g5
55. Bc6 h5 0-1

[Event "Titled Tue 27th May Late"]
[Site "chess.com INT"]
[Date "2025.05.27"]
[Round "7"]
[White "Yevchenko, Oleksandr"]
[Black "Gimeno Martos, Roberto"]
[Result "0-1"]
[WhiteTitle "CM"]
[BlackTitle "CM"]
[WhiteElo "2276"]
[BlackElo "2090"]
[WhiteFideId "14108267"]
[BlackFideId "2226804"]
[EventDate "2025.05.27"]

1. c4 e5 2. Nc3 d6 3. Nf3 Nf6 4. d4 exd4 5. Nxd4 Be7 6. e4 O-O 7. Be2 a6 8. O-O
Nbd7 9. Be3 Nc5 10. f3 Re8 11. b4 Ne6 12. Nf5 Bf8 13. Qd2 g6 14. Nd4 Nxd4 15.
Bxd4 Bg7 16. Rad1 Be6 17. Rfe1 Nh5 18. Bxg7 Nxg7 19. Nd5 Nh5 20. Qd4 Bxd5 21.
cxd5 Nf6 22. Rc1 Rc8 23. Qa7 Rb8 24. a4 Nd7 25. Qd4 Re7 26. a5 b5 27. Rc6 Ra8
28. Rec1 Nb8 29. R6c3 h5 30. Bf1 Kh7 31. f4 Kg8 32. Rg3 Qe8 33. h3 Rxe4 34. Qf6
Re7 35. Kh2 Nd7 36. Qg5 Kh7 37. Rxc7 f6 38. Qh4 Nf8 39. Rxe7+ Qxe7 40. Bd3 Rb8
41. Qxh5+ Kg7 42. Qf3 Re8 43. f5 g5 44. Qh5 Qf7 45. Qf3 Nh7 46. h4 Re5 47. h5
Kh6 48. Qg4 Nf8 49. Qd4 Nd7 50. Qa7 Qe7 51. Qxa6 Re3 52. Bxb5 Rxg3 53. Kxg3 Qe5+
54. Kf2 Qxf5+ 55. Kg1 Ne5 56. Qxd6 Qb1+ 57. Kh2 Qf5 0-1

[Event "Titled Tue 27th May Late"]
[Site "chess.com INT"]
[Date "2025.05.27"]
[Round "7"]
[White "Hamitevici, Vladimir"]
[Black "Yang, Kaiqi"]
[Result "1-0"]
[WhiteTitle "GM"]
[BlackTitle "GM"]
[WhiteElo "2423"]
[BlackElo "2481"]
[WhiteFideId "13902393"]
[BlackFideId "8604398"]
[EventDate "2025.05.27"]

1. a3 g6 2. e4 Bg7 3. Nf3 b6 4. Bc4 e6 5. O-O Bb7 6. Re1 d6 7. d4 h6 8. Ba2 Nd7
9. h3 Ne7 10. Bf4 g5 11. Bh2 Ng6 12. Nbd2 h5 13. Bg3 g4 14. hxg4 hxg4 15. Nh2
Qg5 16. Ndf1 Nf6 17. e5 dxe5 18. dxe5 Ne4 19. Qxg4 Qxg4 20. Nxg4 Nh4 21. f3 Nxg3
22. Nxg3 Bxf3 23. gxf3 Nxf3+ 24. Kf2 Nxe1 25. Rxe1 Rd8 26. Ne4 Ke7 27. Kg3 Rh5
28. Nef6 Rg5 29. Re4 Rd2 30. Bb3 Rd1 31. a4 c5 32. Bc4 Rd2 33. Bd3 Bxf6 34.
exf6+ Kd6 35. Re1 e5 36. b3 Ke6 37. Kh4 Rg8 38. Rxe5+ Kd6 39. Re7 Rg2 40. Bf5
Rg1 41. Rd7+ Kc6 42. Rxf7 Rf1 43. Bd3 Rf4 44. Rg7 Rf8 45. Kg5 Rf2 46. f7 R2xf7
47. Ne5+ Kd5 48. Nxf7 Kd4 49. Nd6 a6 50. Nf5+ Kc3 51. Rb7 Rg8+ 52. Kf4 Rg6 53.
Ne3 Rh6 54. Rxb6 Rh4+ 55. Kg3 Rd4 56. Rxa6 Rb4 57. Nd5+ Kb2 58. Nxb4 cxb4 59.
Rb6 Ka3 60. Rb5 1-0

[Event "Titled Tue 27th May Late"]
[Site "chess.com INT"]
[Date "2025.05.27"]
[Round "7"]
[White "Tari, Aryan"]
[Black "Shukhman, Anna"]
[Result "1-0"]
[WhiteTitle "GM"]
[BlackTitle "WGM"]
[WhiteElo "2636"]
[BlackElo "2413"]
[WhiteFideId "1510045"]
[BlackFideId "54180058"]
[EventDate "2025.05.27"]

1. e4 c5 2. Nc3 Nc6 3. f4 g6 4. Nf3 Bg7 5. Bb5 e6 6. Bxc6 bxc6 7. d3 d5 8. e5
Ne7 9. O-O Nf5 10. Na4 Bf8 11. Qe1 Ba6 12. Qf2 c4 13. Nc5 Bxc5 14. Qxc5 Qb6 15.
Qxb6 axb6 16. dxc4 Bxc4 17. Re1 c5 18. b3 Bb5 19. g4 Ne7 20. a4 Bc6 21. Ba3 h5
22. g5 d4 23. Nd2 Nd5 24. Ne4 Nxf4 25. Nd6+ Ke7 26. h4 Rhf8 27. Rf1 Nd5 28. Rf2
Ne3 29. Rd2 Rfb8 30. Re1 Nf5 31. Nxf5+ exf5 32. Rxd4 Rd8 33. Rxd8 Rxd8 34. a5
bxa5 35. Bxc5+ Ke6 36. Bd6 Be4 37. c4 Bc2 38. Re3 f4 39. Rc3 Bd1 40. c5 Rc8 41.
c6 a4 42. b4 a3 43. b5 a2 44. Ra3 Bb3 45. b6 Rxc6 46. b7 Rc1+ 47. Kf2 Rc2+ 48.
Ke1 Rc1+ 49. Kd2 a1=Q 50. Rxa1 Rxa1 51. b8=Q Bd5 52. Qc8# 1-0